Metodologia seguridad en la preparaccion del informe estado de la nacion en desarollo humano sostenible (Registro nro. 11865)
[ vista simple ]
| 000 -LEADER | |
|---|---|
| fixed length control field | 00583nam a22001811a 4500 |
| 001 - CONTROL NUMBER | |
| control field | 11865 |
| 003 - CONTROL NUMBER IDENTIFIER | |
| control field | OSt |
| 005 - DATE AND TIME OF LATEST TRANSACTION | |
| control field | 20260204212300.0 |
| 008 - FIXED-LENGTH DATA ELEMENTS--GENERAL INFORMATION | |
| fixed length control field | 140114s1997||||cr ||||||b||||||||||sp || |
| 020 ## - NUMERO DE LIBRO INTERNACIONAL NORMALIZADO | |
| International Standard Book Number | 9968979759 |
| 082 ## - DEWEY DECIMAL CLASSIFICATION NUMBER | |
| Classification number | 323 P369m |
| 110 ## - ASIENTO PRINCIPAL -- NOMBRE CORPORATIVO | |
| Corporate name or jurisdiction name as entry element | Proyecto Estado de la Nacion |
| 245 ## - TÍTULO PROPIAMENTE DICHO: SUBTÍTULO | |
| Title | Metodologia seguridad en la preparaccion del informe estado de la nacion en desarollo humano sostenible |
| 264 ## - PRODUCTION, PUBLICATION, DISTRIBUTION, MANUFACTURE, AND COPYRIGHT NOTICE | |
| Place of production, publication, distribution, manufacture | San José : Costa Rica |
| 300 ## - PHYSICAL DESCRIPTION | |
| Extensión | 74 P |
| 650 ## - ASIENTO SECUNDARIO DE MATERIA -- TERMINO TEMÁTICO | |
| Termino Temático Como Elemento de Entrada | DESAROLLO HUMANO 2.DESAROLLO SOSTENIBLE- COSTARICA 3.PROYECTO ESTADO DE LA NACION - INFORMEÌ |
| 942 ## - ADDED ENTRY ELEMENTS (KOHA) | |
| Source of classification or shelving scheme | Dewey Decimal Classification |
| Koha item type | Libros |
| Withdrawn status | Lost status | Source of classification or shelving scheme | Damaged status | Not for loan | Current library | Date acquired | Total Checkouts | Full call number | Barcode | Date last seen | Price effective from | Koha item type |
|---|---|---|---|---|---|---|---|---|---|---|---|---|
| Dewey Decimal Classification | Biblioteca UTECO | 09/09/2019 | 323 P369M | 017359 | 09/09/2019 | 09/09/2019 | Libros |
